Statistiques concernant Villes françaises avec le plus d'autoroutes

Cliquez ici pour prendre le quiz!

Statistiques générales

  • Ce quiz a été pris 437 fois
  • Le résultat moyen est 12 sur 16

Statistiques - réponses

NOMBREVILLE% Correct
23PARIS
100%
10LYON
99%
13MARSEILLE - AIX-EN-PROVENCE
99%
6BORDEAUX
97%
5LILLE
97%
9TOULOUSE
94%
5STRASBOURG
92%
4NANTES
91%
4DIJON
74%
5CLERMONT-FERRAND
73%
5GRENOBLE
72%
4METZ
69%
5ROUEN
67%
4REIMS
66%
4DOUAI - LENS
25%
4GENEVE - ANNEMASSE
6%

Distribution des résultats

Percentile par nombre de réponses

% des personnes avec chaque résultat

Votre développement - résultats

Vous n’avez pas pris ce quiz